000 00358nam a2200133Ia 4500
008 231129s2007||||xx |||||||||||||| ||spa||
020 _a978-84-7647-378-8
082 _a863.5 L563m
100 _aLeón Gregorio.
245 0 _aMurciélagos en un burdel
260 _c2007
264 _aMadrid : Algaida.
942 _2ddc
_cBKS
999 _c21503
_d21503